[Event "Treviso op-B 4th"]
[Site "Treviso"]
[Date "2023.03.31"]
[Round "1"]
[White "Bergamaschi, Matteo"]
[Black "Zucchetto, Pierpaolo"]
[Result "0-1"]
[WhiteElo "1427"]
[BlackElo "1611"]
[PlyCount "86"]
[EventDate "2023.03.31"]
[EventType "swiss"]
[EventRounds "5"]
[EventCountry "ITA"]
[SourceTitle "EXT 2024"]
[Source "ChessBase"]
[SourceDate "2023.10.10"]
[SourceVersion "1"]
[SourceVersionDate "2023.10.10"]
[SourceQuality "1"]

1. e4 c5 2. c3 d5 3. exd5 Qxd5 4. d4 Bf5 5. Nf3 e6 6. Na3 Nc6 7. Nb5 Rc8 8. c4 Qe4+ 9. Qe2 Qxe2+ 10. Bxe2 a6 11. d5 Nb4 12. Na3 exd5 13. cxd5 Nd3+ 14. Bxd3 Bxd3 15. Bf4 Nf6 16. 0-0-0 c4 17. Rhe1+ Kd8 18. Ne5 Bg6 19. d6 Nd7 20. Nxg6 hxg6 21. Nc2 Nc5 22. Kb1 Nd3 23. Rxd3 cxd3 24. Nb4 Kd7 25. Nxd3 Bxd6 26. Ne5+ Bxe5 27. Bxe5 f6 28. Rd1+ Ke6 29. Bg3 Rcd8 30. Rc1 Rd7 31. Re1+ Kf5 32. a3 Rhd8 33. Re2 Rd2 34. Re7 R8d7 35. Re3 g5 36. Rc3 b5 37. Rc6 a5 38. Ra6 a4 39. Rb6 R7d5 40. Rb7 Rc5 41. h4 Rd1+ 42. Ka2 Rcc1 43. Rxb5+ Kg6 0-1

[Event "Udine Tre Circoli op"]
[Site "Udine"]
[Date "2012.02.25"]
[Round "5"]
[White "Zucchetto, Pierpaolo"]
[Black "Muradore, Aldo"]
[Result "1-0"]
[WhiteElo "1802"]
[BlackElo "1551"]
[PlyCount "65"]
[EventDate "2012.01.21"]
[EventType "swiss"]
[EventRounds "7"]
[EventCountry "ITA"]
[SourceTitle "EXT 2014"]
[Source "ChessBase"]
[SourceDate "2013.11.20"]
[SourceVersion "1"]
[SourceVersionDate "2013.11.20"]
[SourceQuality "1"]

1. d4 d5 2. e3 Nf6 3. Bd3 g6 4. Nd2 Bg7 5. c3 0-0 6. f4 Bg4 7. Ngf3 Qc8 8. 0-0 c5 9. Qe2 c4 10. Bc2 Qc6 11. h3 Bd7 12. Ne5 Qc8 13. Nxd7 Qxd7 14. e4 dxe4 15. Nxc4 Nc6 16. Ne5 Nxe5 17. fxe5 Nh5 18. Kh2 Bh8 19. Bxe4 f5 20. Bf3 Ng7 21. Bh6 e6 22. a4 Rab8 23. g3 b5 24. axb5 Rxb5 25. Be3 Rfb8 26. Rfb1 Ne8 27. Ra6 R8b6 28. Rxb6 axb6 29. Qc4 Nc7 30. Bc6 Qe7 31. Bxb5 Nd5 32. Qe2 Bg7 33. Ra1 1-0